Legalisation of Abortion (Record no. 3379)

MARC details
000 -LEADER
fixed length control field 00421nam a2200169 a 4500
082 00 - DEWEY DECIMAL CLASSIFICATION NUMBER
Classification number 304.66
Author Cutter CHA
100 ## - MAIN ENTRY--AUTHOR NAME
Author name Chatterjee, Saral K
245 ## - TITLE STATEMENT
Title Legalisation of Abortion
260 ## - PUBLICATION, DISTRIBUTION, ETC. (IMPRINT)
Place of publication Madras
Name of publisher Christian Literature Society
Year of publication 1971
300 ## - PHYSICAL DESCRIPTION
Number of Pages 71p
500 ## - GENERAL NOTE
General note includes index and biblioraphy
505 2# - FORMATTED CONTENTS NOTE
Formatted contents note Appendix
650 ## - SUBJECT ADDED ENTRY--TOPICAL TERM
Topical Term Family-Planning
650 ## - SUBJECT ADDED ENTRY--TOPICAL TERM
Topical Term Abortion
942 ## - ADDED ENTRY ELEMENTS (KOHA)
Koha item type Books
700 1# -
-- Chatterjee, Saral K
Holdings
Collection code Home library Current library Date acquired Cost, normal purchase price Full call number Accession Number Koha item type
  Henry Martyn Institute Library Henry Martyn Institute Library 05/24/2005 0.00 304.66 CHA 05581 Books
                   Copyright © 2026 | Henry Martyn Institute | Hyderabad | TS-500052 | INDIA | Implemented by hmi.edu.in
Hit-Count:

Powered by Koha